000 00438nam a22001697a 4500
005 20251009110905.0
008 250912b |||||||| |||| 00| 0 eng d
041 _aMarathi
082 _a891.46
_bMAR
100 _aMarathe Sa. Da.
_9213606
245 _aYogadharit Sulabh Arogyasarita
260 _aPune
_bBharatiya Vichar Sadhana Pune Prakashan
_c2018
300 _a64
365 _b49.00
_cRs.00
650 _aGeneral
942 _cBK
999 _c367785
_d367785